| 000 | 00479nam a2200181Ia 4500 | ||
|---|---|---|---|
| 005 | 20250508150755.0 | ||
| 008 | 008 250505s9999 xx 000 0 hin d | ||
| 037 | _aTextual | ||
| 040 |
_aFEDL _beng _cFEDL |
||
| 041 |
_ahin _2eng |
||
| 084 |
_a612, SHA _qFEDL |
||
| 100 |
_aSahaya Ray Chandinath _9757609 |
||
| 245 | 0 | _aHumara sharir | |
| 260 |
_aPatna, India _bAdult Education Board |
||
| 300 | _a86p. | ||
| 942 |
_cTEXL _h612, SHA |
||
| 999 |
_c1325592 _d1325592 |
||